Guess the year - Statistics

General Stats
  • This quiz has been taken 41 times
  • The average score is 13 of 15
Answer Stats
Hint Answer % Correct
when was Facebook launched 2004
95%
when did the last episode of friends air 2004
95%
when did WW1 end 1918
92%
when was the assassination of JFK 1963
92%
when was the first moon landing 1969
92%
when did the berlin wall fall 1989
92%
when did the titanic sink 1912
87%
when was the first iPhone released 2007
87%
when did Netflix launch 2007
87%
when did Michael Phelps win 8 gold medals in one Olympic games 2008
85%
when did Usain Bolt break the world record for 100m 2009
79%
when did England win the world cup 1966
77%
when did Leicester city win the premier league 2016
69%
when was the first modern Olympics held 1896
67%
when was the discovery of penecilin 1928
56%
No matching quizzes found
Score Distribution
Percent of People with Each Score
Percentile by Number Answered
Your Score History
You have not taken this quiz